000 01905ncm0a22003731 4500
001 RU\NLR\ONIZ\219268
005 20250626085037.0
010 _a978-5-4317-0182-5
021 _aRU
_b16-149н
_916-9н
035 _aRU\NLR\ONIZ\Таня\5000005239\20170813135635
035 _a(NLR Aleph) 011534839
090 _a12163581
_c12163581
100 _a20170813d2016 |||y0rusy50 ca
101 0 _arus
102 _aRU
125 _azx
145 0 _ab
200 1 _aПьесы для ансамбля баянов и аккордеонов
_bНоты
_fА. Большаков
210 _aСамара
_cИнсома-пресс
_d2016
215 _a88 с.
_cцв. ил.
_d30 см
300 _aРецензия: с. 3
313 _aСистематизация документа проведена по изданию - Методика классифицирования музыкальных произведений (нотных изданий) по таблицам Библиотечно-библиографических классификаций : метод. рекомендации / Гос. б-ка СССР им. В.И. Ленина.- М., 1977. Индексу ББК методических рекомендаций присваивается код ББК для научных библиотек - LBC/SL
606 1 _aПьесы для ансамблей баянов-аккордеонов
_jНоты
_2nlr_sh
686 _aЩ952.459(2Р)
_vLBC/SL
_2rubbk
700 1 _9z01790
_aБольшаков
_bА. В.
_gАлександр Владимирович
_4230
790 1 _9z01700
_aBol`shakov
_bA. V.
_gAleksandr Vladimirovich
_4230
801 0 _aRU
_bNLR
_c20170813
_gPSBO
801 1 _aRU
_bNLR
_c20170813
_2rusmarc
801 2 _aRU
_bNLR
_c20170813
852 _aNLR
_bМ
_jК-3/28738
_pМОЭ 2016-9н/149н (2 экз.)
_t1
942 _cSCORE
980 _aNB
980 _aONIZ